000 00397cam a2200157ua 4500
003 OSt
008 241218b |||||||| |||| 00| 0 eng d
082 _a621.31
_bBAP/PO
100 _aBaptidanow, L .
_91757
245 _aPower Stations and Substations /
250 _a1 /
260 _aMoscow :
_bPeace Publishers ,
_c1984.
300 _a462 ; .
700 1 _aTrarasov, V .
_91758
942 _cBK
999 _c1945
_d1945